[Event "19th Czech Open Synthesia Rapid"]
[Site "Pardubice CZE"]
[Date "2008.07.16"]
[Round "3"]
[White "Mamedov, Rau"]
[Black "Maslak, K."]
[Result "0-1"]
[WhiteElo "2627"]
[BlackElo "2521"]
[PlyCount "74"]
[EventDate "2008.07.16"]
[SourceDate "1999.07.01"]

1. e4 c5 2. Nf3 d6 3. d4 cxd4 4. Nxd4 Nf6 5. Nc3 a6 6. Bg5 e6 7. f4 Qb6 8. Qd3
Qxb2 9. Rb1 Qa3 10. f5 e5 11. Bxf6 gxf6 12. Nb3 Be7 13. Be2 Nd7 14. Bh5 Nc5 15.
Qc4 O-O 16. Nd5 Bd8 17. Qe2 Bd7 18. O-O Kh8 19. Rf3 Nxb3 20. Rbxb3 Qc5+ 21. Kh1
Bb5 22. Qd2 Qd4 23. Qe1 Bc6 24. Rfd3 Qc4 25. Rbc3 Qb5 26. Be2 Rg8 27. Rh3 Qb2
28. Rxh7+ Kxh7 29. Qh4+ Kg7 30. Rg3+ Kf8 31. Qh6+ Ke8 32. Rxg8+ Kd7 33. Qh5
Bxd5 34. exd5 Qc1+ 35. Bd1 Kc7 36. Rg3 Rc8 37. Rc3+ Kb8 0-1

[Event "19th Czech Open Synthesia Rapid"]
[Site "Pardubice CZE"]
[Date "2008.07.17"]
[Round "7"]
[White "Motylev, A."]
[Black "Maslak, K."]
[Result "1-0"]
[WhiteElo "2674"]
[BlackElo "2521"]
[PlyCount "75"]
[EventDate "2008.07.16"]
[SourceDate "1999.07.01"]

1. e4 c5 2. Nf3 d6 3. d4 cxd4 4. Nxd4 Nf6 5. Nc3 a6 6. Be3 Ng4 7. Bc1 Nf6 8.
Bd3 g6 9. O-O Bg7 10. Kh1 Nc6 11. Nxc6 bxc6 12. f4 O-O 13. Qe2 Nd7 14. Be3 Qa5
15. Bd2 Qc7 16. Rae1 Nc5 17. Bc4 Rb8 18. b3 e6 19. Qf2 Nxe4 20. Nxe4 d5 21. Bd3
dxe4 22. Rxe4 Bb7 23. Be3 Ra8 24. Bc5 Rfe8 25. Rd1 a5 26. Ra4 Ba6 27. Bb6 Qb7
28. Rxa5 Bxd3 29. Rxd3 Rxa5 30. Bxa5 Ra8 31. Qb6 Qxb6 32. Bxb6 Rxa2 33. Rd8+
Bf8 34. g4 Rxc2 35. Bc7 Kg7 36. g5 Rc5 37. Be5+ Kg8 38. Rxf8+ 1-0

[Event "19th Czech Open Synthesia Rapid"]
[Site "Pardubice CZE"]
[Date "2008.07.17"]
[Round "9"]
[White "Motylev, A."]
[Black "Zakhartsov, Vi"]
[Result "0-1"]
[WhiteElo "2674"]
[BlackElo "2556"]
[PlyCount "75"]
[EventDate "2008.07.16"]
[SourceDate "1999.07.01"]

1. e4 c5 2. Nf3 d6 3. d4 cxd4 4. Nxd4 Nf6 5. Nc3 a6 6. Be3 e5 7. Nb3 Be6 8. f4
exf4 9. Bxf4 Nc6 10. Qe2 g6 11. Qd2 Nh5 12. Be3 Bg7 13. O-O-O Be5 14. Be2 Nf6
15. Bh6 Ng4 16. Bxg4 Bxg4 17. Rdf1 Be6 18. Rf3 Qd7 19. Rhf1 O-O-O 20. Nd5 Kb8
21. Bg5 Rdf8 22. Bf6 Bxf6 23. Nxf6 Qe7 24. Nd5 Qd7 25. Rf6 Ne5 26. h3 h5 27.
Rd1 Rd8 28. Qb4 Rhe8 29. Na5 Nc6 30. Nxc6+ Qxc6 31. Nf4 Bxa2 32. b3 Rc8 33. c4
Bxb3 34. Qxb3 Rxe4 35. Nd3 Rxc4+ 36. Kb1 Rc3 37. Qxf7 Rxd3 38. Qe6 0-1

[Event "XIII Open"]
[Site "Balaguer ESP"]
[Date "2008.07.20"]
[Round "7"]
[White "Corrales Jimenez, F."]
[Black "Aroshidze, L."]
[Result "1-0"]
[WhiteElo "2504"]
[BlackElo "2547"]
[PlyCount "71"]
[EventDate "2008.07.14"]
[SourceDate "1999.07.01"]

1. e4 c5 2. Nf3 d6 3. d4 cxd4 4. Nxd4 Nf6 5. Nc3 a6 6. Be3 e6 7. Qd2 b5 8. f3
Nbd7 9. g4 h6 10. O-O-O b4 11. Na4 Ne5 12. b3 Bd7 13. Nb2 d5 14. Bf4 Ng6 15. e5
Nxf4 16. Qxf4 Nh7 17. Kb1 Qb6 18. h4 Bc5 19. g5 h5 20. g6 fxg6 21. Ne2 g5 22.
hxg5 Be3 23. Qg3 Nxg5 24. f4 Ne4 25. Qg6+ Kd8 26. Nc4 Qc5 27. Rh3 Nf2 28. Nxe3
Nxh3 29. Qg3 Nxf4 30. Nxf4 h4 31. Qxg7 Re8 32. Ng4 Kc7 33. Nf6 Re7 34. Qg5 Rf7
35. Nxd7 Kxd7 36. Nxe6 1-0

[Event "ZMD Open"]
[Site "Dresden GER"]
[Date "2008.07.24"]
[Round "6"]
[White "Yemelin, V."]
[Black "Naumann, A."]
[Result "1/2-1/2"]
[WhiteElo "2579"]
[BlackElo "2502"]
[PlyCount "59"]
[EventDate "2008.07.19"]
[SourceDate "1999.07.01"]

1. e4 c5 2. Nf3 d6 3. d4 cxd4 4. Nxd4 Nf6 5. Nc3 a6 6. Be3 Ng4 7. Bg5 h6 8. Bh4
g5 9. Bg3 Bg7 10. h3 Ne5 11. Nf5 Bxf5 12. exf5 Nec6 13. Bd3 Qa5 14. O-O Bxc3
15. bxc3 Qxc3 16. Rb1 b5 17. Be4 Ra7 18. Re1 Kf8 19. a4 b4 20. Re3 Qf6 21. c3
bxc3 22. Rc1 Rd7 23. Rexc3 d5 24. Rd3 dxe4 25. Rxd7 Nxd7 26. Qxd7 Nd4 27. Qd5
Ne2+ 28. Kh2 Nxg3 29. fxg3 Kg7 30. Qxe4 1/2-1/2

[Event "2nd LCT"]
[Site "Leiden NED"]
[Date "2008.07.18"]
[Round "7"]
[White "Van den Doel, E."]
[Black "Sandipan, C."]
[Result "1-0"]
[WhiteElo "2568"]
[BlackElo "2588"]
[PlyCount "97"]
[EventDate "2008.07.11"]
[SourceDate "1999.07.01"]

1. e4 c5 2. Nf3 d6 3. d4 cxd4 4. Nxd4 Nf6 5. Nc3 a6 6. Be3 e5 7. Nf3 Be7 8. Bc4
O-O 9. O-O Be6 10. Bxe6 fxe6 11. Na4 Nfd7 12. Qd3 b5 13. Nc3 Nc6 14. a4 Nb4 15.
Qe2 d5 16. exd5 exd5 17. axb5 d4 18. Nxd4 exd4 19. Bxd4 Rf7 20. bxa6 Nf8 21.
Be3 Qc8 22. a7 Qf5 23. Ra4 Nd5 24. Nxd5 Qxd5 25. b4 Ng6 26. Rd1 Qe4 27. Qd3
Qxd3 28. Rxd3 Ne5 29. Rd5 Nc4 30. b5 Nxe3 31. fxe3 h6 32. b6 Bg5 33. Rxg5 hxg5
34. c4 Rd7 35. Ra1 Kh7 36. c5 Rb7 37. h3 Kg6 38. Ra6 Kh5 39. c6 Rxb6 40. Rxb6
Rxa7 41. Rb1 g4 42. Rc1 Rc7 43. Rc5+ g5 44. Kh2 gxh3 45. Kxh3 Kg6 46. Kg4 Kf6
47. g3 Ke7 48. Kxg5 Kd6 49. Rc1 1-0

[Event "7th Open"]
[Site "La Fere FRA"]
[Date "2008.07.12"]
[Round "9"]
[White "Degraeve, JM."]
[Black "Ninov, N."]
[Result "1/2-1/2"]
[WhiteElo "2523"]
[BlackElo "2515"]
[PlyCount "95"]
[EventDate "2008.07.05"]
[SourceDate "1999.07.01"]

1. e4 c5 2. Nf3 d6 3. d4 Nf6 4. Nc3 cxd4 5. Nxd4 a6 6. Be3 e6 7. g4 e5 8. Nf5
g6 9. g5 gxf5 10. exf5 d5 11. Qf3 d4 12. O-O-O Qd7 13. gxf6 Qxf5 14. Qxf5 Bxf5
15. Nd5 Be4 16. Nc7+ Kd8 17. Nxa8 Bxh1 18. Bh3 Bc6 19. Bd2 Bc5 20. Ba5+ Ke8 21.
b4 Bd6 22. f4 Bd7 23. Bg2 e4 24. Rxd4 Bxf4+ 25. Kb1 Bxh2 26. Rxe4+ Be6 27. Rd4
Nd7 28. Bxb7 h5 29. Bc6 Rg8 30. Bc7 Bg1 31. Rd1 h4 32. Ba5 Bh2 33. a4 Rg4 34.
b5 Rxa4 35. b6 Rxa5 36. Nc7+ Kf8 37. Bxd7 Be5 38. c3 Ra3 39. Bxe6 fxe6 40.
Nxe6+ Kf7 41. Nc5 Rxc3 42. Rd5 Bg3 43. Ne4 Rb3+ 44. Ka2 Rxb6 45. Rd7+ Kg6 46.
Rg7+ Kh6 47. Rg8 Rb7 48. Nxg3 1/2-1/2

[Event "ch-PHI Finals"]
[Site "Mandaluyong PHI"]
[Date "2008.07.03"]
[Round "4"]
[White "Nolte, R."]
[Black "Paragua, M."]
[Result "1/2-1/2"]
[WhiteElo "2522"]
[BlackElo "2523"]
[PlyCount "62"]
[EventDate "2008.07.01"]
[SourceDate "1999.07.01"]

1. e4 c5 2. Nf3 d6 3. d4 cxd4 4. Nxd4 Nf6 5. Nc3 a6 6. Be3 e5 7. Nb3 Be6 8. f3
Be7 9. Qd2 O-O 10. O-O-O Qc7 11. g4 Rc8 12. g5 Nh5 13. Kb1 Nd7 14. Nd5 Bxd5 15.
exd5 f5 16. gxf6 Bxf6 17. Bh3 a5 18. Bg4 Nf4 19. Nd4 exd4 20. Bxf4 Rf8 21. Bg5
Bxg5 22. Qxg5 Ne5 23. Rxd4 Nxf3 24. Bxf3 Rxf3 25. Re1 Raf8 26. a4 Rf2 27. Rd2
h6 28. Qe3 Rxd2 29. Qxd2 Qc5 30. Qd3 Qf2 31. Re2 Qf4 1/2-1/2

[Event "ch-PHI Finals"]
[Site "Mandaluyong PHI"]
[Date "2008.07.06"]
[Round "7"]
[White "So, W."]
[Black "Nolte, R."]
[Result "1-0"]
[WhiteElo "2577"]
[BlackElo "2522"]
[PlyCount "107"]
[EventDate "2008.07.01"]
[SourceDate "1999.07.01"]

1. e4 c5 2. Nf3 d6 3. d4 cxd4 4. Nxd4 Nf6 5. Nc3 a6 6. h3 e6 7. g4 d5 8. exd5
Nxd5 9. Bd2 Bc5 10. Nb3 Ba7 11. Qf3 O-O 12. Bg2 Nc6 13. O-O-O Nxc3 14. Qxc3 Qc7
15. Bxc6 bxc6 16. Be3 Bxe3+ 17. Qxe3 Rb8 18. Rhe1 Rb5 19. c4 Rb4 20. Qd4 a5 21.
Nc5 e5 22. Qc3 f6 23. b3 Rb8 24. Rd2 Qb6 25. Na4 Qc7 26. f3 Re8 27. Qd3 Be6 28.
Qd6 Qf7 29. Qc5 h6 30. Rd6 Rb4 31. Qxa5 Reb8 32. Nb2 Kh7 33. Rxc6 R4b7 34. Ra6
Rd7 35. Qc3 Rbd8 36. f4 Rd4 37. fxe5 fxe5 38. Qe3 e4 39. Rd1 Rxd1+ 40. Nxd1 Bc8
41. Qxe4+ Kh8 42. Ra5 Qf6 43. Re5 Be6 44. Nc3 Bg8 45. Qe3 Qf1+ 46. Kb2 Rd3 47.
Qe2 Qxh3 48. Re8 Rd6 49. Nd5 Qh4 50. Ne7 Qf6+ 51. Kb1 Re6 52. Rxg8+ Kh7 53.
Qd3+ g6 54. Qxg6+ 1-0

[Event "9th Karpov"]
[Site "Poikovsky RUS"]
[Date "2008.07.14"]
[Round "6"]
[White "Gashimov, V."]
[Black "Volokitin, And"]
[Result "1-0"]
[WhiteElo "2717"]
[BlackElo "2672"]
[PlyCount "49"]
[EventDate "2008.07.08"]
[SourceDate "1999.07.01"]

1. e4 c5 2. Nf3 d6 3. d4 cxd4 4. Nxd4 Nf6 5. Nc3 a6 6. Bg5 e6 7. f4 Nbd7 8. Bc4
Qb6 9. Bb3 Be7 10. f5 Nc5 11. Qf3 Ncxe4 12. Nxe4 Qxd4 13. Bxf6 gxf6 14. c3 Qb6
15. O-O-O d5 16. fxe6 dxe4 17. exf7+ Kf8 18. Qxe4 f5 19. Qf4 Qg6 20. Rhe1 Be6
21. Qe5 Qg5+ 22. Kb1 Bxb3 23. Qxh8+ Kxf7 24. Qxh7+ Kf8 25. axb3 1-0

[Event "XXX Nezhmetdinov Mem"]
[Site "Kazan RUS"]
[Date "2008.06.05"]
[Round "5"]
[White "Shaposhnikov, E."]
[Black "Kokarev, Dm"]
[Result "1/2-1/2"]
[WhiteElo "2553"]
[BlackElo "2579"]
[PlyCount "24"]
[EventDate "2008.06.01"]
[SourceDate "1999.07.01"]

1. e4 c5 2. Nf3 d6 3. d4 cxd4 4. Nxd4 Nf6 5. Nc3 a6 6. Be3 e5 7. Nf3 Be7 8. Bc4
O-O 9. O-O Nc6 10. Qe2 Na5 11. Bd5 Be6 12. Rfd1 Qc7 1/2-1/2

[Event "XXX Nezhmetdinov Mem"]
[Site "Kazan RUS"]
[Date "2008.06.07"]
[Round "7"]
[White "Fedorov, Alex"]
[Black "Kokarev, Dm"]
[Result "1/2-1/2"]
[WhiteElo "2603"]
[BlackElo "2579"]
[PlyCount "41"]
[EventDate "2008.06.01"]
[SourceDate "1999.07.01"]

1. e4 c5 2. Nf3 d6 3. d4 cxd4 4. Nxd4 Nf6 5. Nc3 a6 6. Be3 e5 7. Nb3 Be6 8. Qd2
Nbd7 9. O-O-O b5 10. f4 Rc8 11. Kb1 Be7 12. f5 Bc4 13. h3 Nb6 14. Bd3 Na4 15.
Ne2 d5 16. exd5 Bxd5 17. Ng3 Qc7 18. Rhe1 O-O 19. c3 Rfd8 20. Qc2 Qb7 21. Bg5
1/2-1/2

[Event "White Nights Open"]
[Site "St Petersburg RUS"]
[Date "2008.06.25"]
[Round "5"]
[White "Popov, Val"]
[Black "Yevseev, D."]
[Result "1/2-1/2"]
[WhiteElo "2525"]
[BlackElo "2512"]
[PlyCount "45"]
[EventDate "2008.06.21"]
[SourceDate "1999.07.01"]

1. e4 c5 2. Nf3 d6 3. d4 cxd4 4. Nxd4 Nf6 5. Nc3 a6 6. Bc4 e6 7. Bb3 Nbd7 8. f4
Nc5 9. e5 dxe5 10. fxe5 Nfd7 11. Bf4 b5 12. Qe2 Bb7 13. O-O-O Qa5 14. Rhf1 b4
15. Nd5 Bxd5 16. Bxd5 exd5 17. e6 Nf6 18. exf7+ Kxf7 19. Bg5 Be7 20. Bxf6 Bxf6
21. Rxf6+ gxf6 22. Qh5+ Kf8 23. Qh6+ 1/2-1/2

[Event "World Open Playoff"]
[Site "Philadelphia USA"]
[Date "2008.07.06"]
[Round "1"]
[White "Najer, E."]
[Black "Negi, P."]
[Result "1-0"]
[WhiteElo "2670"]
[BlackElo "2529"]
[PlyCount "87"]
[EventDate "2008.07.02"]
[SourceDate "1999.07.01"]

1. e4 c5 2. Nf3 d6 3. d4 cxd4 4. Nxd4 Nf6 5. Nc3 a6 6. Bg5 e6 7. f4 Nbd7 8. Qe2
Qc7 9. O-O-O b5 10. f5 e5 11. Nd5 Nxd5 12. exd5 Nb6 13. g3 h6 14. Qh5 Be7 15.
h4 Bb7 16. Ne6 Qd7 17. Nxg7+ Kd8 18. f6 Bf8 19. Bh3 Qc7 20. Be6 Bc8 21. Bxf7
hxg5 22. Qxh8 Qxf7 23. Ne6+ Bxe6 24. dxe6 Qxe6 25. Qxf8+ Kd7 26. Qg7+ Kc6 27.
Qe7 Qxe7 28. fxe7 gxh4 29. Rxh4 Re8 30. Rh6 Nc8 31. g4 Rxe7 32. g5 Rg7 33. g6
d5 34. Rg1 Nd6 35. Rh7 Rg8 36. g7 Nf5 37. Rg5 Ne7 38. Rxe5 Kd6 39. Rg5 Ke6 40.
Rh8 Kf7 41. Rxg8 Kxg8 42. Kd2 Kf7 43. g8=Q+ Nxg8 44. Rxd5 1-0

[Event "IV Open"]
[Site "Sort ESP"]
[Date "2008.06.30"]
[Round "8"]
[White "Mamedov, Nid"]
[Black "Kovalyov, A."]
[Result "1-0"]
[WhiteElo "2577"]
[BlackElo "2525"]
[PlyCount "73"]
[EventDate "2008.06.24"]
[SourceDate "1999.07.01"]

1. e4 c5 2. Nf3 d6 3. d4 cxd4 4. Nxd4 Nf6 5. Nc3 a6 6. f3 e5 7. Nb3 Be6 8. Be3
Nbd7 9. g4 Nb6 10. g5 Nh5 11. Qd2 Be7 12. O-O-O Rc8 13. Kb1 O-O 14. Rg1 Qc7 15.
Qf2 Bd8 16. Nc1 g6 17. Bd3 f6 18. gxf6 Rxf6 19. N1e2 Nc4 20. Bxc4 Bxc4 21. Ng3
Nf4 22. Bxf4 Rxf4 23. Nf5 Be7 24. Qg2 Be6 25. Qh3 Kh8 26. Qg2 Qd7 27. Nd5 Bxd5
28. Rxd5 Rf8 29. Rd3 Qe6 30. a4 Rf6 31. Rb3 Bf8 32. Rxb7 gxf5 33. exf5 R4xf5
34. Re7 Rg6 35. Rxe6 Rxg2 36. Rxg2 d5 37. Re8 1-0

[Event "International Open"]
[Site "Philadelphia USA"]
[Date "2008.06.30"]
[Round "8"]
[White "Ganguly, S."]
[Black "Negi, P."]
[Result "1/2-1/2"]
[WhiteElo "2614"]
[BlackElo "2514"]
[PlyCount "112"]
[EventDate "2008.06.26"]
[SourceDate "1999.07.01"]

1. e4 c5 2. Nf3 d6 3. d4 cxd4 4. Nxd4 Nf6 5. Nc3 a6 6. Be2 e5 7. Nb3 Be7 8. O-O
O-O 9. Re1 Be6 10. Bf3 a5 11. a4 Na6 12. Nd2 Rc8 13. Nf1 Nb4 14. Ne3 h6 15. h3
Qb6 16. Qe2 Qc5 17. Rd1 Rfe8 18. Rd2 Nd7 19. Ncd5 Bxd5 20. exd5 Bg5 21. c3 Na6
22. Rd1 Qc7 23. Qc2 Nb4 24. Qb1 Na6 25. Bd2 g6 26. g3 h5 27. h4 Bf6 28. Kg2
Nac5 29. b4 axb4 30. cxb4 e4 31. Bxh5 Bxa1 32. bxc5 Bd4 33. cxd6 Qb6 34. Bg4 f5
35. Qxb6 Bxb6 36. Be2 Bc5 37. Rb1 Bxd6 38. Rxb7 Rc7 39. Rxc7 Bxc7 40. Bb5 Rd8
41. Bb4 Ne5 42. a5 Nd3 43. d6 Nxb4 44. dxc7 Rc8 45. g4 Rxc7 46. gxf5 gxf5 47.
Nxf5 Ra7 48. Nd6 Rxa5 49. Bc4+ Kg7 50. Nxe4 Nc6 51. Ng3 Ne5 52. Be2 Ng6 53. Kh3
Ra2 54. Kg4 Ra4+ 55. Kg5 Ra5+ 56. Nf5+ Rxf5+ 1/2-1/2

[Event "TCh-TUR"]
[Site "Kocaeli TUR"]
[Date "2008.06.25"]
[Round "4"]
[White "Savchenko, B."]
[Black "Papaioannou, I."]
[Result "1/2-1/2"]
[WhiteElo "2569"]
[BlackElo "2566"]
[PlyCount "41"]
[EventDate "2008.06.24"]
[SourceDate "1999.07.01"]

1. e4 c5 2. Nf3 d6 3. d4 cxd4 4. Nxd4 Nf6 5. Nc3 a6 6. Bg5 e6 7. f4 Qc7 8. Bd3
b5 9. O-O b4 10. Nce2 Nbd7 11. Kh1 Be7 12. Ng3 Bb7 13. Nh5 O-O 14. Qe1 Qb6 15.
Ne2 Bd8 16. Nxf6+ Bxf6 17. Qh4 Bxg5 18. Qxg5 Qd8 19. Qg3 Nc5 20. Qe3 Rc8 21.
Rad1 1/2-1/2

[Event "1st Tournoi Circuit Espoirs Europe"]
[Site "Lyon FRA"]
[Date "2008.06.28"]
[Round "12"]
[White "Edouard, R."]
[Black "Feller, S."]
[Result "1-0"]
[WhiteElo "2509"]
[BlackElo "2540"]
[PlyCount "111"]
[EventDate "2008.06.27"]
[SourceDate "1999.07.01"]

1. e4 c5 2. Nf3 d6 3. d4 Nf6 4. Nc3 cxd4 5. Nxd4 a6 6. a4 Nc6 7. Be2 e5 8. Nf3
Be7 9. Bg5 O-O 10. O-O Be6 11. Bxf6 Bxf6 12. Nd5 Rc8 13. c3 Be7 14. Bc4 Re8 15.
Qd3 Bf8 16. Rfd1 h6 17. b4 Ne7 18. Rac1 Nxd5 19. Bxd5 Qd7 20. a5 Bxd5 21. Qxd5
Qc6 22. c4 Qxd5 23. Rxd5 Rc6 24. b5 Rc7 25. b6 Rc6 26. Kf1 Rec8 27. Nd2 g6 28.
Ke2 h5 29. Rc2 f5 30. f3 Kf7 31. Kd3 Ke6 32. Nb3 Be7 33. Nc1 Bf8 34. Na2 Rc5
35. Nb4 Be7 36. g3 Bf8 37. Rxc5 Rxc5 38. Ra2 Be7 39. Nxa6 Rc8 40. Nc7+ Kd7 41.
Nd5 Bd8 42. a6 bxa6 43. Rxa6 Kc6 44. b7+ Kxb7 45. Rxd6 Ra8 46. c5 Kc8 47. Rc6+
Kd7 48. Rxg6 Ra3+ 49. Kc4 Rxf3 50. c6+ Kc8 51. Rg8 Rf1 52. Kc5 fxe4 53. Kd6 Rd1
54. c7 Rxd5+ 55. Kxd5 Kxc7 56. Kxe4 1-0

[Event "ch-CHN"]
[Site "Beijing CHN"]
[Date "2008.05.31"]
[Round "3"]
[White "Zhang Pengxiang"]
[Black "Li Shilong"]
[Result "1/2-1/2"]
[WhiteElo "2640"]
[BlackElo "2512"]
[PlyCount "36"]
[EventDate "2008.05.29"]
[SourceDate "1999.07.01"]

1. e4 c5 2. Nf3 d6 3. d4 cxd4 4. Nxd4 Nf6 5. Nc3 a6 6. Be3 e5 7. Nf3 Be7 8. Bc4
O-O 9. O-O Be6 10. Bb3 Qc7 11. h3 Rc8 12. Rc1 Nbd7 13. Re1 b5 14. Bg5 Rab8 15.
Nd5 Bxd5 16. Bxf6 Nxf6 17. Bxd5 Nxd5 18. Qxd5 Qc4 1/2-1/2

[Event "Doroshkevich mem"]
[Site "Maykop RUS"]
[Date "2008.05.31"]
[Round "8"]
[White "Tseshkovsky, V."]
[Black "Zakhartsov, Vi"]
[Result "1-0"]
[WhiteElo "2504"]
[BlackElo "2580"]
[PlyCount "61"]
[EventDate "2008.05.24"]
[SourceDate "1999.07.01"]

1. e4 c5 2. Nf3 d6 3. d4 cxd4 4. Nxd4 Nf6 5. Nc3 a6 6. h3 e6 7. g4 b5 8. g5
Nfd7 9. h4 Bb7 10. Bg2 Nb6 11. f4 b4 12. Nce2 e5 13. Nf5 Nc6 14. h5 g6 15. hxg6
fxg6 16. Nh4 Ne7 17. f5 gxf5 18. Ng3 f4 19. Nh5 Ng8 20. Bxf4 exf4 21. Qd4 Qxg5
22. Qxh8 f3 23. Bxf3 Qe3+ 24. Kf1 Nc4 25. Qxg8 Nd2+ 26. Kg2 Nxf3 27. Nxf3 Qe2+
28. Kg3 O-O-O 29. Nf4 Qb5 30. Rxh7 Kb8 31. Qf7 1-0

[Event "TCh-BIH"]
[Site "Neum BIH"]
[Date "2008.06.08"]
[Round "5"]
[White "Movsesian, S."]
[Black "Palac, M."]
[Result "1/2-1/2"]
[WhiteElo "2695"]
[BlackElo "2559"]
[PlyCount "80"]
[EventDate "2008.06.04"]
[SourceDate "1999.07.01"]

1. e4 c5 2. Nc3 d6 3. Nf3 Nf6 4. d4 cxd4 5. Nxd4 a6 6. Be3 e6 7. f3 b5 8. g4 h6
9. Qd2 b4 10. Nce2 e5 11. Nb3 a5 12. Rd1 Qc7 13. Ng3 Be6 14. h4 Nbd7 15. Rh2 g6
16. Bb5 a4 17. Nc1 Qa5 18. Bc6 Rc8 19. Bxd7+ Nxd7 20. a3 Nb6 21. axb4 Qb5 22.
c3 Nc4 23. Qd3 Qc6 24. h5 a3 25. bxa3 Nxe3 26. Qxe3 Qxc3+ 27. Qxc3 Rxc3 28. b5
Rxa3 29. b6 Be7 30. hxg6 fxg6 31. Rxh6 O-O 32. Rxg6+ Kf7 33. Rh6 Bxg4 34. Rd3
Rxd3 35. Nxd3 Bxf3 36. Rh7+ Ke6 37. Nb4 Bd8 38. Rh6+ Kd7 39. Rh7+ Ke6 40. Rh6+
Kd7 1/2-1/2

[Event "XXVII Open"]
[Site "Zalakarosi HUN"]
[Date "2008.05.26"]
[Round "5"]
[White "Szabo, Krisz1"]
[Black "Guliyev, N."]
[Result "1-0"]
[WhiteElo "2507"]
[BlackElo "2542"]
[PlyCount "53"]
[EventDate "2008.05.22"]
[SourceDate "1999.07.01"]

1. e4 c5 2. Nf3 d6 3. d4 cxd4 4. Nxd4 Nf6 5. Nc3 a6 6. Be3 e6 7. f3 b5 8. Qd2
Nbd7 9. g4 h6 10. O-O-O b4 11. Nce2 d5 12. exd5 Nxd5 13. Nf4 Nxe3 14. Qxe3 Qb6
15. Bc4 Bb7 16. Bxe6 fxe6 17. Nfxe6 Kf7 18. Qb3 Kf6 19. h4 Nc5 20. g5+ hxg5 21.
hxg5+ Kg6 22. Nf4+ Kxg5 23. Rhg1+ Kxf4 24. Rg4+ Ke5 25. Rg5+ Kf6 26. Rf5+ Ke7
27. Nc6+ 1-0

[Event "TCh-FRA Top 16 Poule Haute"]
[Site "Evry FRA"]
[Date "2008.05.29"]
[Round "8"]
[White "Hracek, Z."]
[Black "Vachier Lagrave, M."]
[Result "1/2-1/2"]
[WhiteElo "2613"]
[BlackElo "2632"]
[PlyCount "128"]
[EventDate "2008.05.29"]
[SourceDate "1999.07.01"]

1. e4 c5 2. Nf3 d6 3. d4 cxd4 4. Nxd4 Nf6 5. Nc3 a6 6. a4 Nc6 7. Be2 e5 8. Nxc6
bxc6 9. f4 Be7 10. a5 Rb8 11. O-O O-O 12. Qd3 exf4 13. Bxf4 Rxb2 14. Rfd1 d5
15. exd5 cxd5 16. Bf3 Bg4 17. Nxd5 Nxd5 18. Qxd5 Qxd5 19. Rxd5 Bxf3 20. gxf3
Rxc2 21. Rd2 Rxd2 22. Bxd2 Rd8 23. Be3 Rd5 24. Bb6 h5 25. Rc1 Bb4 26. Rc8+ Kh7
27. Ra8 Bxa5 28. Rxa6 Rd1+ 29. Kf2 Rd2+ 30. Ke3 Bc3 31. Ra3 Rc2 32. Kd3 Rb2 33.
Bc7 Bb4 34. Ra4 f6 35. Bf4 g5 36. Be3 Bd6 37. h4 gxh4 38. Rxh4 Kg6 39. f4 f5
40. Rh1 Be7 41. Rg1+ Kf7 42. Bd4 Ra2 43. Rg7+ Ke6 44. Rh7 h4 45. Ke3 Ra4 46.
Bb6 Bf6 47. Kf3 Ra3+ 48. Kg2 Rg3+ 49. Kf2 Ra3 50. Kg2 Rg3+ 51. Kf2 Rb3 52. Be3
Rd3 53. Bb6 Kd5 54. Rh5 Be7 55. Rh7 Bb4 56. Rxh4 Ke4 57. Rh8 Rd2+ 58. Kf1 Kxf4
59. Bc7+ Kg4 60. Rh2 Rd1+ 61. Ke2 Rg1 62. Rf2 Re1+ 63. Kd3 Rd1+ 64. Ke2 Re1+
1/2-1/2

[Event "TCh-FRA Top 16 Poule Basse"]
[Site "Evry FRA"]
[Date "2008.05.29"]
[Round "8"]
[White "Nakamura, H."]
[Black "Ninov, N."]
[Result "1-0"]
[WhiteElo "2686"]
[BlackElo "2509"]
[PlyCount "111"]
[EventDate "2008.05.29"]
[SourceDate "1999.07.01"]

1. e4 c5 2. Nf3 d6 3. d4 Nf6 4. Nc3 cxd4 5. Nxd4 a6 6. h3 e6 7. g4 b5 8. Bg2
Bb7 9. O-O b4 10. Nd5 exd5 11. exd5 Be7 12. g5 Nfd7 13. Nc6 Qc7 14. Nxe7 Kxe7
15. Qd4 Kf8 16. Bf4 a5 17. Rfe1 Nb6 18. Re8+ Kxe8 19. Qxg7 Bxd5 20. Qxh8+ Kd7
21. Re1 Nc6 22. Qxh7 Nd4 23. Be3 Qxc2 24. Qh5 Bxg2 25. Bxd4 Qf5 26. Kxg2 Nd5
27. Qf3 Qxg5+ 28. Kh1 Rg8 29. Qxf7+ Kc6 30. Qf3 Kb7 31. Be3 Qe5 32. Rd1 Kc6 33.
Re1 Rh8 34. Bd2 Qh5 35. Qxh5 Rxh5 36. Kg2 Kc5 37. Re4 Rf5 38. h4 a4 39. Kg3 Nf6
40. Bxb4+ Kd5 41. Re2 Ne4+ 42. Kg2 Rf8 43. f3 Rg8+ 44. Kh2 Ng3 45. Rg2 Nf1+ 46.
Kg1 Ng3 47. Be1 Ne2+ 48. Kf1 Rxg2 49. Kxg2 Nc1 50. h5 Ke6 51. Bd2 Nd3 52. b4
axb3 53. axb3 d5 54. b4 d4 55. b5 Kd5 56. f4 1-0

[Event "TCh-UKR"]
[Site "Alushta UKR"]
[Date "2008.05.21"]
[Round "1"]
[White "Oleksienko, M."]
[Black "Brodsky, M."]
[Result "1/2-1/2"]
[WhiteElo "2592"]
[BlackElo "2549"]
[PlyCount "116"]
[EventDate "2008.05.21"]
[SourceDate "1999.07.01"]

1. e4 c5 2. Nf3 d6 3. d4 cxd4 4. Nxd4 Nf6 5. Nc3 a6 6. Be2 e5 7. Nb3 Be7 8. Bg5
Be6 9. Bxf6 Bxf6 10. Nd5 Nd7 11. Qd3 O-O 12. O-O-O Rc8 13. Kb1 Bxd5 14. Qxd5
Qc7 15. Qd3 Nc5 16. Nxc5 Qxc5 17. Bg4 Rc6 18. Qe2 b5 19. Rd5 Qb6 20. Rhd1 Be7
21. a3 Rb8 22. R1d3 Rc5 23. Rxc5 dxc5 24. Rd7 Kf8 25. Qf3 g6 26. Rd5 h5 27. Bh3
b4 28. a4 Kg7 29. Rxe5 Qd6 30. Rd5 Qxh2 31. Qe2 Qf4 32. g3 Qf6 33. e5 Qc6 34.
Rd7 Rb7 35. Rxb7 Qxb7 36. Qd3 h4 37. gxh4 Bxh4 38. f3 Bf2 39. e6 Bd4 40. exf7
Kxf7 41. a5 Kg7 42. Be6 Bf6 43. f4 Qh1+ 44. Ka2 Qc1 45. Qb3 Qxf4 46. Bc4 Bd8
47. Bxa6 Bxa5 48. Qe6 Bd8 49. Qd7+ Qf7+ 50. Qxf7+ Kxf7 51. Kb3 Ke6 52. Kc4 Be7
53. Kd3 Ke5 54. Ke3 Bg5+ 55. Kf3 Bc1 56. b3 Kd4 57. Bd3 g5 58. Kg4 Kc3 1/2-1/2

[Event "Frank K Berry ch-USA"]
[Site "Tulsa USA"]
[Date "2008.05.19"]
[Round "7"]
[White "Kudrin, S."]
[Black "Shabalov, A."]
[Result "1-0"]
[WhiteElo "2549"]
[BlackElo "2633"]
[PlyCount "71"]
[EventDate "2008.05.13"]
[SourceDate "1999.07.01"]

1. e4 c5 2. Nf3 d6 3. d4 cxd4 4. Nxd4 Nf6 5. Nc3 a6 6. a4 Nc6 7. Bc4 e6 8. O-O
Be7 9. Be3 O-O 10. Kh1 Bd7 11. f4 Rc8 12. Qe2 Qc7 13. Ba2 Na5 14. Rad1 Nc4 15.
Bc1 Rfd8 16. g4 Qc5 17. g5 Ne8 18. f5 b5 19. axb5 axb5 20. fxe6 fxe6 21. Qf3
Nf6 22. gxf6 Bxf6 23. Qd3 Kh8 24. Bxc4 bxc4 25. Qe3 Rf8 26. Nf3 Qc6 27. Ne2
Rce8 28. Ng3 e5 29. Bd2 Bh3 30. Bb4 Bxf1 31. Nxf1 Be7 32. Ng3 Qa4 33. Qc3 Rxf3
34. Qxf3 Qxb4 35. Qf7 Qa4 36. Nf5 1-0

[Event "Kaupthing Open"]
[Site "Differdange LUX"]
[Date "2008.05.13"]
[Round "5"]
[White "Kritz, L."]
[Black "Edouard, R."]
[Result "1/2-1/2"]
[WhiteElo "2609"]
[BlackElo "2509"]
[PlyCount "22"]
[EventDate "2008.05.10"]
[SourceDate "1999.07.01"]

1. e4 c5 2. Nf3 d6 3. d4 cxd4 4. Nxd4 Nf6 5. Nc3 a6 6. Be3 e5 7. Nb3 Be6 8. Qd2
Nbd7 9. f4 Rc8 10. f5 Bxb3 11. axb3 d5 1/2-1/2

[Event "Kaupthing Open"]
[Site "Differdange LUX"]
[Date "2008.05.15"]
[Round "7"]
[White "Negi, P."]
[Black "Istratescu, A."]
[Result "1/2-1/2"]
[WhiteElo "2514"]
[BlackElo "2628"]
[PlyCount "67"]
[EventDate "2008.05.10"]
[SourceDate "1999.07.01"]

1. e4 c5 2. Nf3 d6 3. d4 cxd4 4. Nxd4 Nf6 5. Nc3 a6 6. Bg5 e6 7. f4 Nbd7 8. Qf3
Qc7 9. O-O-O b5 10. Bd3 Bb7 11. Rhe1 Qb6 12. Qe3 h6 13. Nd5 Nxd5 14. exd5 Bxd5
15. Bh4 Nc5 16. Nxe6 fxe6 17. Bg6+ Kd7 18. f5 b4 19. Bf7 Kc7 20. fxe6 Bxa2 21.
e7 Bxf7 22. Bg3 Nb3+ 23. cxb3 Rc8 24. Rxd6 Kb7+ 25. Kd2 Qxe3+ 26. Rxe3 Re8 27.
Rd7+ Kc6 28. exf8=Q Rhxf8 29. Rc7+ Kb6 30. Rxe8 Bxe8 31. Rxg7 Bc6 32. Bc7+ Kc5
33. Ke3 Re8+ 34. Kd2 1/2-1/2